| 000 | 01130nam a2200229Ia 4500 | ||
|---|---|---|---|
| 003 | Ost | ||
| 005 | 20260507075049.0 | ||
| 008 | 260507s9999||||xx |||||||||||||| ||und|| | ||
| 020 | _a9957112368 | ||
| 040 | _cfsecg | ||
| 041 | _aara | ||
| 100 |
_aالصيرفي، محمد عبد الفتاح _eمؤلف |
||
| 245 | 0 |
_aالبحث العلمي : _bالدليل التطبيقي للباحثين / _c محمد عبد الفتاح الصيرفي |
|
| 250 | _aطبعة 2 | ||
| 260 |
_aعمان: _bدار وائل للنشر, _c2008 |
||
| 300 |
_a432 صفحة؛ _bإيضاحات ؛ _c25 سم |
||
| 520 | _aعنوان البحث-تحديد مشكلة البحث-فرضيات البحث-الهدف من البحث-مصادر البيانات-أدوات البحث-العينات-الإطار النظري لمشكلة البحث-المعالجة الاحصائية لفرضيات البحث-النتائج-موضوع البحث-منهجية البحث-الاقتباس-هوامش البحث-مراجع البحث | ||
| 653 | _aالبحث | ||
| 653 | _aالمسح العلمي | ||
| 653 | _aطرق البحث | ||
| 942 | _cكتاب | ||
| 999 |
_c42620 _d42620 |
||